| 000 | 00471nam a2200145 a 4500 | ||
|---|---|---|---|
| 001 | 000027409 | ||
| 005 | 20200930030819.0 | ||
| 008 | 110331s19uu dr 000 0 spa d | ||
| 040 |
_aDO-SdBNP _bspa _cBNPHU |
||
| 100 | 1 |
_aAlardo Acosta, Mauricio _954024 |
|
| 245 | 1 | 0 |
_aGarras comunistas en la cuenca del Caribe / _cMauricio Alardo Acosta. |
| 260 |
_aCiudad Trujillo, República Dominicana : _bImpresora Arte y Cine, _c[197?]. |
||
| 300 |
_a21 P. ; _c20 cm. |
||
| 049 | _aBNPD | ||
| 999 |
_c26901 _d26901 |
||